| 000 | 01244pam a2200301 a 4500 | ||
|---|---|---|---|
| 999 |
_c354232 _d354232 |
||
| 001 | 4801106 | ||
| 003 | NUST | ||
| 005 | 20180118093310.0 | ||
| 008 | 880408s1989 nyua b 001 0 eng | ||
| 010 | _a 88011462 | ||
| 020 | _a0873711416 | ||
| 040 |
_aDLC _cDLC _dDLC |
||
| 050 | 0 | 0 |
_aTD890 _b.M488 1989 |
| 082 | 0 | 0 |
_a628.53 LOD _219 |
| 245 | 0 | 0 |
_aMethods of air sampling and analysis. _cEditor, James P.Lodge |
| 250 |
_a3rd ed. / _bJames P. Lodge, Jr., editor. |
||
| 260 |
_a[New York, N.Y.] : _bIntersociety Committee ; _aChelsea, Mich. : _bLewis Publishers, _cc1989. |
||
| 300 |
_axx, 763 p. : _bill. ; _c25 cm. |
||
| 500 | _aH.B | ||
| 504 | _aIncludes bibliographies and index. | ||
| 650 | 0 |
_aAir _xPollution _xMeasurement _xHandbooks, manuals, etc. _98576 |
|
| 650 | 0 |
_aAir _xAnalysis _xHandbooks, manuals, etc. _98577 |
|
| 700 | 1 |
_aLodge, James P. _98578 |
|
| 710 | 2 |
_aIntersociety Committee. _98579 |
|
| 856 | 4 | 2 |
_3Publisher description _uhttp://www.loc.gov/catdir/enhancements/fy0801/88011462-d.html |
| 906 |
_a7 _bcbc _corignew _d1 _eocip _f19 _gy-gencatlg |
||
| 942 |
_2ddc _cBK _kIESE |
||